000 00964nam0a22002651 4500
001 rc\2953835
005 20250529234617.0
035 _a(NLR Aleph) 007101163
090 _a6672245
_c6672245
100 _a20110831d1933 |||y0rusy50 ca
101 0 _arus
102 _aRU
105 _ay z |||||
200 1 _aРадио-работа
_fВ. Теннов
_gПод ред. С.Н. Луначарской
210 _aМосква
_cизд-во и тип. Профиздата
_d1933
215 _aОбл., 29, [3] с.
_d20х13 см
225 1 _aРабота с детьми в клубе
_fЦентр. дом худ. воспитания детей РСФСР им. А.С. Бубнова
320 _aБиблиогр.: "Список лит-ры" (21 назв.)
700 1 _aТеннов
_bВ.
702 1 _aЛуначарская
_bС.Н.
_4340
801 0 _aRU
_bNLR
_gpsbo
801 1 _aRU
_bELAR
_2rusmarc
852 _aNLR
_j33-9/3472
942 _cBOOK
980 _aNB